[Event "Castelnaudary C"]
[Site "Castelnaudary"]
[Date "2016.03.20"]
[Round "4"]
[White "Bardin, Michel"]
[Black "Tourenne, Dominique"]
[Result "1/2-1/2"]
[WhiteElo "1473"]
[BlackElo "1604"]
[PlyCount "90"]
[EventDate "2016.03.19"]
[EventType "tourn"]
[EventRounds "5"]
[EventCountry "FRA"]
[SourceTitle "EXT 2024"]
[Source "ChessBase"]
[SourceDate "2023.10.10"]
[SourceVersion "1"]
[SourceVersionDate "2023.10.10"]
[SourceQuality "1"]

1. e4 c5 2. Nc3 Nc6 3. f4 g6 4. Nf3 Bg7 5. Bc4 e6 6. 0-0 Nge7 7. d3 0-0 8. Qe1 d5 9. exd5 exd5 10. Bb5 a6 11. Bxc6 Nxc6 12. a3 d4 13. Ne4 Re8 14. Qd1 b6 15. Bd2 Bf5 16. Ng3 Ne7 17. Nh4 Qd7 18. Ngxf5 Nxf5 19. Nxf5 Qxf5 20. Qf3 Qd7 21. f5 gxf5 22. Qxf5 Qxf5 23. Rxf5 Re6 24. Raf1 f6 25. b3 Rae8 26. h3 Re5 27. g4 Rxf5 28. gxf5 h5 29. Kf2 Kh7 30. Re1 Rxe1 31. Kxe1 Bh6 32. h4 Bxd2+ 33. Kxd2 Kg7 34. a4 Kf7 35. Ke2 Ke7 36. Kf3 Kd6 37. Ke4 a5 38. Kf4 Kd5 39. Kf3 Ke5 40. Kg3 Kxf5 41. Kf3 Ke5 42. Kg3 f5 43. Kf3 f4 44. Kf2 Kf6 45. Kf3 Kf5 1/2-1/2

[Event "Muret Seniors op"]
[Site "Muret"]
[Date "2014.06.28"]
[Round "6"]
[White "Tourenne, Dominique"]
[Black "Orlovic, Lucie"]
[Result "1-0"]
[WhiteElo "1690"]
[BlackElo "1108"]
[PlyCount "79"]
[EventDate "2014.06.23"]
[EventType "swiss"]
[EventRounds "6"]
[EventCountry "FRA"]
[SourceTitle "EXT 2015"]
[Source "ChessBase"]
[SourceDate "2014.11.20"]
[SourceVersion "1"]
[SourceVersionDate "2014.11.20"]
[SourceQuality "1"]

1. d4 d5 2. c4 Nf6 3. cxd5 Nxd5 4. Nf3 h6 5. e4 Nf6 6. Nc3 Bg4 7. Be2 Bxf3 8. Bxf3 e6 9. 0-0 Be7 10. Be3 0-0 11. Qb3 b6 12. e5 c6 13. exf6 Bxf6 14. Rfd1 Qe7 15. Rac1 Rd8 16. Ne4 Nd7 17. Rxc6 Rac8 18. Rdc1 Rxc6 19. Rxc6 Nb8 20. Nxf6+ Qxf6 21. Rc7 Rd7 22. Rc1 Rd6 23. h3 Nd7 24. Qa3 e5 25. Rc8+ Nf8 26. d5 Rd8 27. Rxd8 Qxd8 28. Qxa7 Nd7 29. Qa4 Nf6 30. Qc4 Qe8 31. Bxb6 e4 32. Be2 Qe5 33. Bd4 Qxd5 34. Bxf6 Qxc4 35. Bxc4 gxf6 36. a4 f5 37. a5 f4 38. a6 e3 39. fxe3 fxe3 40. a7 1-0

[Event "Muret Seniors op"]
[Site "Muret"]
[Date "2014.06.26"]
[Round "4"]
[White "Tourenne, Dominique"]
[Black "Hazarabedian, Guy"]
[Result "1-0"]
[WhiteElo "1690"]
[BlackElo "1381"]
[PlyCount "85"]
[EventDate "2014.06.23"]
[EventType "swiss"]
[EventRounds "6"]
[EventCountry "FRA"]
[SourceTitle "EXT 2015"]
[Source "ChessBase"]
[SourceDate "2014.11.20"]
[SourceVersion "1"]
[SourceVersionDate "2014.11.20"]
[SourceQuality "1"]

1. d4 d5 2. c4 c6 3. Nf3 Bg4 4. Ne5 Bh5 5. Nc3 e6 6. g3 Nd7 7. cxd5 Nxe5 8. dxe5 cxd5 9. Qa4+ Qd7 10. Qxd7+ Kxd7 11. Bg2 f5 12. exf6 Nxf6 13. e3 Bg6 14. 0-0 Bd6 15. Bd2 Rac8 16. Rfc1 a6 17. a4 Bb4 18. Kf1 Bd3+ 19. Ke1 h5 20. h4 Rhf8 21. Nd1 Bxd2+ 22. Kxd2 Bg6 23. Rxc8 Rxc8 24. Nc3 Kd6 25. Rc1 Rc7 26. Na2 Rxc1 27. Nxc1 e5 28. b4 Be8 29. a5 e4 30. f3 Bg6 31. f4 Be8 32. Nb3 g6 33. Nd4 Bd7 34. Bf1 Ne8 35. Be2 Nf6 36. Kc3 Ne8 37. f5 gxf5 38. Bxh5 Ng7 39. Be2 Be8 40. g4 fxg4 41. Bxg4 Nh5 42. Be6 Ke5 43. Bc8 1-0

[Event "Muret Seniors op"]
[Site "Muret"]
[Date "2014.06.23"]
[Round "1"]
[White "Peric, Slavisa"]
[Black "Tourenne, Dominique"]
[Result "1/2-1/2"]
[WhiteElo "2177"]
[BlackElo "1690"]
[PlyCount "119"]
[EventDate "2014.06.23"]
[EventType "swiss"]
[EventRounds "6"]
[EventCountry "FRA"]
[SourceTitle "EXT 2015"]
[Source "ChessBase"]
[SourceDate "2014.11.20"]
[SourceVersion "1"]
[SourceVersionDate "2014.11.20"]
[SourceQuality "1"]

1. d4 Nf6 2. Nf3 g6 3. Nc3 d5 4. Bf4 c6 5. Qd2 Bg7 6. Bh6 0-0 7. h3 Nbd7 8. Bxg7 Kxg7 9. e3 Qc7 10. b4 b5 11. a4 bxa4 12. Rxa4 a5 13. Bd3 Bb7 14. 0-0 axb4 15. Rxb4 Ba6 16. Rfb1 Bxd3 17. cxd3 Rfb8 18. Rxb8 Rxb8 19. Rc1 Qa5 20. e4 dxe4 21. dxe4 e5 22. dxe5 Nxe5 23. Nxe5 Qxe5 24. f4 Qa5 25. e5 Nd5 26. f5 gxf5 27. Qg5+ Kh8 28. Nxd5 Qxd5 29. Qf6+ Kg8 30. Qxf5 Re8 31. Qg5+ Kh8 32. Qf6+ Kg8 33. Rxc6 Qxe5 34. Qxe5 Rxe5 35. Kf2 Kg7 36. Kf3 f6 37. Kf4 Ra5 38. g4 h6 39. h4 h5 40. g5 fxg5+ 41. hxg5 h4 42. Rh6 Ra4+ 43. Kf5 Ra5+ 44. Kg4 Ra4+ 45. Kh3 Rb4 46. Rxh4 Rxh4+ 47. Kxh4 Kg6 48. Kg4 Kg7 49. Kf5 Kf7 50. g6+ Kg7 51. Kg5 Kg8 52. Kh4 Kh8 53. Kh5 Kg7 54. Kg5 Kg8 55. Kf4 Kf8 56. Ke5 Kg7 57. Kf5 Kg8 58. Kf6 Kf8 59. g7+ Kg8 60. Kg6 1/2-1/2

[Event "Toulouse Lardenne op 2nd"]
[Site "Toulouse"]
[Date "2014.05.18"]
[Round "1"]
[White "Tourenne, Dominique"]
[Black "Abdelmoumen, Hatim"]
[Result "1/2-1/2"]
[WhiteElo "1736"]
[BlackElo "1935"]
[PlyCount "107"]
[EventDate "2014.05.17"]
[EventType "swiss"]
[EventRounds "6"]
[EventCountry "FRA"]
[SourceTitle "EXT 2015"]
[Source "ChessBase"]
[SourceDate "2014.11.20"]
[SourceVersion "1"]
[SourceVersionDate "2014.11.20"]
[SourceQuality "1"]

1. d4 f5 2. Nf3 Nf6 3. c4 e6 4. g3 d5 5. Bg2 c6 6. b3 Bd6 7. 0-0 Qe7 8. Bb2 0-0 9. e3 b6 10. Nc3 Ba6 11. Ne5 Bxe5 12. dxe5 Ng4 13. Re1 dxc4 14. Qd6 Qxd6 15. exd6 Nf6 16. e4 Rd8 17. exf5 exf5 18. Rad1 cxb3 19. axb3 Bb7 20. Nb5 Nbd7 21. Nc7 Rac8 22. Ne6 Re8 23. Bxf6 gxf6 24. Nd4 Kf7 25. Nxf5 Rxe1+ 26. Rxe1 Re8 27. Re7+ Rxe7 28. dxe7 Ba8 29. Nd4 c5 30. Bxa8 cxd4 31. Be4 h6 32. Kf1 Kxe7 33. Ke2 Kd6 34. b4 a5 35. bxa5 bxa5 36. Bc2 Kc5 37. f4 Kc4 38. Kd2 Nc5 39. Bh7 Kb3 40. g4 Kb2 41. h4 a4 42. g5 fxg5 43. fxg5 hxg5 44. hxg5 a3 45. Bg8 Ne4+ 46. Kd3 Nxg5 47. Kxd4 Nf3+ 48. Kc5 Kc3 49. Kb5 Nd4+ 50. Ka4 Kb2 51. Bf7 Ne2 52. Bg8 Nc1 53. Bf7 Ne2 54. Bg8 1/2-1/2

[Event "FRA-chT4 0809"]
[Site "France "]
[Date "2009.03.19"]
[Round "?"]
[White "Forestie, Pierre"]
[Black "Tourenne, Dominique"]
[Result "1-0"]
[WhiteElo "2043"]
[BlackElo "1840"]
[PlyCount "67"]
[EventDate "2008.10.??"]
[EventType "team-tourn"]
[EventRounds "9"]
[EventCountry "FRA"]
[SourceTitle "EXT 2010"]
[Source "ChessBase"]
[SourceDate "2010.11.25"]
[SourceVersion "1"]
[SourceVersionDate "2010.11.25"]
[SourceQuality "1"]

1. c4 e5 2. Nc3 Nf6 3. g3 c6 4. d4 exd4 5. Qxd4 d5 6. Bg2 Be6 7. cxd5 cxd5 8. Nf3 Nc6 9. Qa4 Be7 10. 0-0 0-0 11. Bg5 h6 12. Bf4 a6 13. Nd4 Nxd4 14. Qxd4 Qa5 15. Rac1 Rac8 16. a3 Rc4 17. Qd2 Qd8 18. Rfd1 Qc8 19. Nxd5 Bxd5 20. Bxd5 Nxd5 21. Qxd5 Rxc1 22. Rxc1 Qh3 23. Qxb7 Bg5 24. Bxg5 hxg5 25. Qxa6 Rd8 26. b4 Kh7 27. Qc4 Kg6 28. a4 Rh8 29. Qe4+ Kh6 30. b5 g6 31. b6 Kg7 32. Qe5+ Kf8 33. Rc8+ Qxc8 34. Qxh8+ 1-0

[Event "FRA-chT4 0809"]
[Site "France "]
[Date "2009.02.08"]
[Round "5.7"]
[White "Bouyssieres, Max"]
[Black "Tourenne, Dominique"]
[Result "1-0"]
[WhiteElo "1598"]
[BlackElo "1840"]
[PlyCount "63"]
[EventDate "2008.10.??"]
[EventType "team-tourn"]
[EventRounds "9"]
[EventCountry "FRA"]
[SourceTitle "EXT 2010"]
[Source "ChessBase"]
[SourceDate "2010.11.25"]
[SourceVersion "1"]
[SourceVersionDate "2010.11.25"]
[SourceQuality "1"]

1. e4 e6 2. d4 d5 3. Nc3 Nf6 4. e5 Nfd7 5. f4 c5 6. Nf3 Nc6 7. Be3 cxd4 8. Nxd4 Nxd4 9. Bxd4 a6 10. Qd2 Bc5 11. 0-0-0 b5 12. g4 Qc7 13. Bg2 Bb7 14. Rhe1 0-0-0 15. Qe3 Bxd4 16. Qxd4 Qc5 17. Qxc5+ Nxc5 18. Rd4 Rhe8 19. b4 Nd7 20. a4 Bc6 21. axb5 axb5 22. Bf1 Nb6 23. Bxb5 Bxb5 24. Nxb5 Nc4 25. Rxc4+ dxc4 26. Nd6+ Rxd6 27. exd6 Kd7 28. Kd2 Kxd6 29. Kc3 Rc8 30. Re4 Kd5 31. Rd4+ Kc6 32. Rxc4+ 1-0

[Event "FRA-ch op-C"]
[Site "Aix les Bains"]
[Date "2003.08.19"]
[Round "1"]
[White "Spurgeon, Paul"]
[Black "Tourenne, Dominique"]
[Result "1-0"]
[WhiteElo "1460"]
[BlackElo "1700"]
[PlyCount "53"]
[EventDate "2003.08.19"]
[EventType "swiss"]
[EventRounds "9"]
[EventCountry "FRA"]
[SourceTitle "EXT 2004"]
[Source "ChessBase"]
[SourceDate "2003.11.25"]
[SourceVersion "1"]
[SourceVersionDate "2003.11.25"]
[SourceQuality "1"]

1. e4 e6 2. d4 d5 3. exd5 exd5 4. Bd3 Nf6 5. Nc3 Be7 6. Nf3 0-0 7. 0-0 Be6 8. Ne5 Nbd7 9. Bf4 a6 10. Re1 c5 11. dxc5 Nxc5 12. Qe2 Nxd3 13. Nxd3 Re8 14. Rad1 Bg4 15. f3 Bd7 16. Qf2 Bc6 17. Ne5 Rc8 18. Nxc6 Rxc6 19. Qd2 Bc5+ 20. Kf1 Rxe1+ 21. Rxe1 Re6 22. Rd1 Qe8 23. Nxd5 Qb5+ 24. Qd3 Qxd3+ 25. Rxd3 Nxd5 26. Rxd5 h6 27. Rxc5 1-0